Psychiatric nursing made incredibly easy! (Record no. 824)

000 -LEADER
fixed length control field 02031nam a22004697a 4500
001 - CONTROL NUMBER
control field 13230354
003 - CONTROL NUMBER IDENTIFIER
control field OSt
005 - DATE AND TIME OF LATEST TRANSACTION
control field 20210422063332.0
008 - FIXED-LENGTH DATA ELEMENTS--GENERAL INFORMATION
fixed length control field 030605s2004 paua b 001 0 eng
010 ## - LIBRARY OF CONGRESS CONTROL NUMBER
LC control number 2003012898
020 ## - INTERNATIONAL STANDARD BOOK NUMBER
International Standard Book Number 1582552703
020 ## - INTERNATIONAL STANDARD BOOK NUMBER
International Standard Book Number 9781582552705
035 ## - SYSTEM CONTROL NUMBER
System control number (DNLM)101181253
040 ## - CATALOGING SOURCE
Original cataloging agency DNLM/DLC
Transcribing agency DLC
Modifying agency eng
Language of cataloging eng
041 ## - LANGUAGE CODE
Language code of text/sound track or separate title eng
042 ## - AUTHENTICATION CODE
Authentication code pcc
050 00 - LIBRARY OF CONGRESS CALL NUMBER
Classification number RC440
Item number .P764 2004
060 10 - NATIONAL LIBRARY OF MEDICINE CALL NUMBER
Classification number WY 160
Item number P97266 2003
080 ## - UNIVERSAL DECIMAL CLASSIFICATION NUMBER
Universal Decimal Classification number 616-08
Item number P-96
082 00 - DEWEY DECIMAL CLASSIFICATION NUMBER
Classification number 610.73/68
Edition number 21
100 ## - MAIN ENTRY--PERSONAL NAME
9 (RLIN) 623
Personal name Diehl, S. Tracey
Relator term Editor
245 00 - TITLE STATEMENT
Title Psychiatric nursing made incredibly easy!
Statement of responsibility, etc. / by: Lippincott Williams & Wilkins
260 ## - PUBLICATION, DISTRIBUTION, ETC.
Place of publication, distribution, etc. Philadelphia :
Name of publisher, distributor, etc. Lippincott Williams & Wilkins,
Date of publication, distribution, etc. c2004.
300 ## - PHYSICAL DESCRIPTION
Extent x, 566 p. :
Other physical details ill. ;
Dimensions 24 cm.
365 ## - TRADE PRICE
Price amount 42.95 usd
504 ## - BIBLIOGRAPHY, ETC. NOTE
Bibliography, etc. note Includes bibliographical references (p. 555) and index.
505 0# - FORMATTED CONTENTS NOTE
Formatted contents note Introduction to psychiatric nursing -- Disorders of children and adolescents -- Disorders of the elderly -- Schizophrenic disorders -- Mood disorders -- Anxiety disorders -- Somatoform disorders -- Dissociative disorders -- Personality disorders -- Eating disorders -- Substance abuse disorders -- Sleep disorders -- Sexual disorders.
650 #0 - SUBJECT ADDED ENTRY--TOPICAL TERM
Topical term or geographic name entry element Psychiatric nursing.
650 #0 - SUBJECT ADDED ENTRY--TOPICAL TERM
Topical term or geographic name entry element Patient Care
9 (RLIN) 285
650 12 - SUBJECT ADDED ENTRY--TOPICAL TERM
Topical term or geographic name entry element Psychiatric Nursing
General subdivision methods.
650 22 - SUBJECT ADDED ENTRY--TOPICAL TERM
Topical term or geographic name entry element Mental Disorders
General subdivision diagnosis.
650 22 - SUBJECT ADDED ENTRY--TOPICAL TERM
Topical term or geographic name entry element Mental Disorders
General subdivision therapy.
653 ## - INDEX TERM--UNCONTROLLED
Uncontrolled term პაციენტის მოვლა
653 ## - INDEX TERM--UNCONTROLLED
Uncontrolled term ფსიქიატრიული პაციენტის მოვლა
700 ## - ADDED ENTRY--PERSONAL NAME
9 (RLIN) 624
Personal name Goldberg, Kathy
Relator term Editor
710 2# - ADDED ENTRY--CORPORATE NAME
Corporate name or jurisdiction name as entry element Lippincott Williams & Wilkins.
856 41 - ELECTRONIC LOCATION AND ACCESS
Materials specified Table of contents
Uniform Resource Identifier <a href="http://www.loc.gov/catdir/toc/ecip045/2003012898.html">http://www.loc.gov/catdir/toc/ecip045/2003012898.html</a>
856 42 - ELECTRONIC LOCATION AND ACCESS
Materials specified Publisher description
Uniform Resource Identifier <a href="http://www.loc.gov/catdir/enhancements/fy0712/2003012898-d.html">http://www.loc.gov/catdir/enhancements/fy0712/2003012898-d.html</a>
906 ## - LOCAL DATA ELEMENT F, LDF (RLIN)
a 7
b cbc
c orignew
d 1
e ecip
f 20
g y-gencatlg
942 ## - ADDED ENTRY ELEMENTS (KOHA)
Source of classification or shelving scheme
Koha item type Books
Holdings
Withdrawn status Lost status Source of classification or shelving scheme Damaged status Not for loan Permanent location Current location Date acquired Inventory number Total Checkouts Full call number Barcode Date last seen Price effective from Koha item type
          Ken Walker International University Ken Walker International University 12/28/2020 2307   616-08 P-96 2307 12/28/2020 12/28/2020 Books

Powered by Koha